LEADER 01632namaa2200337 i 4500 001 000000178678 003 CaOOAMICUS 005 20260421090509.0 007 tu 008 260421s1906 it a 000 u ita r 040 $aPUL$bita$erda 082 0 $a574 100 1 $aWasmann, Erich,$d1859-1931,$eautore.$0(OLS)http://pul/name/114978 240 14$aDie moderne Biologie und die Entwicklungstheorie.$lItaliano.$0(OLS)http://pul/title/220252 245 13$aLa biologia moderna e la teoria dell'evoluzione /$cErich Wasmann ; versione sulla 2ª edizione tedesca con un capitolo di introduzione, note ed aggiunte di Agostino Gemelli. 264 1$aFirenze :$bLibreria editrice fiorentina,$c1906. 300 $aCVII, 466 pagine, 4 c. di tav. :$bIllustrazioni ; $c24 cm 336 $atesto$btxt$2rdacontent 337 $asenza mediazione$bn$2rdamedia 338 $avolume$bnc$2rdacarrier 500 $aCon 42 figure nel testo e 4 tavole colorate in autotipia. 504 $aBibliografia in nota a piè pagina. 650 4$aBiologia.$0(OLS)http://pul/subject/7576 700 1 $aGemelli, Agostino,$cO.F.M.,$d1878-1959,$eautore di introduzione,$ecuratore.$0(OLS)http://pul/name/4046 850 $aPUL 852 $aPUL$W1$xDP1 Fondo Benedetti Carloni$y126$m4 A 2$j12325$qFondi$B207860$CPULBib$Z2$F207860 $HBen29 $82 941 1 $a1 996 $6082$a574$9(OLS)http://pul/classification/485 996 $6245$aLa biologia moderna e la teoria dell'evoluzione$9(OLS)http://pul/title/220251 996 $6264$aFirenze :$bLibreria editrice fiorentina$9(OLS)http://pul/publisher/48392